00971cam a2200241 a 450000100060000000300090000600500170001500800410003203500180007304000260009104100080011708200280012524500760015326000300022930000370025950400410029652001990033765000350053665100330057165100430060465100490064771000330069642972BD-RJUL 20211209053626.0160618s1962 enkab b f000 0 eng d aBD-RJUL 43090 aBD-RjULbengcBD-RjUL aeng 223 a327.43 bdoc 1962 00aDocuments on German Foreign Policy, 1918-1945 :bSeries D (1937-1945) / aLondon :bH.M.S.O,c1962  alxxxi, 1109 p. :bill. ;c24 cm. aIncludes bibliographical references. a"...Object of the publication was to 'establish the record of German foreign policy preceding and during World War 11 ...' based on documents from captured archivies of the German Foreign Minis. 0aWorld War, 1939-1945zGermany. 0aGermanyxHistoryy1933-1945. 0aGermanyxForeign relationsy1933-1945. 0aGermanyxPolitics and governmenty1933-1945.1 aGermany.bAuswärtiges Amt.